| 000 | 00590nam a22001817a 4500 | ||
|---|---|---|---|
| 999 |
_c7671 _d7671 |
||
| 003 | OSt | ||
| 005 | 20230327122006.0 | ||
| 008 | 230327b ||||| |||| 00| 0 eng d | ||
| 020 | _a9788413526454 | ||
| 040 |
_aCDMR _bcat _cCDMR |
||
| 100 |
_94786 _aBosch, Anna |
||
| 245 |
_aEl Año que llegó Putin _b: la Rusia que acogió y catapultó a un desconocido _c/ Anna Bosch |
||
| 260 |
_aMadrid _b: Catarata _c, 2023 |
||
| 300 | _a171 pàgines | ||
| 650 | 0 |
_9797 _aReportatges literaris _zRússia (Federació) |
|
| 650 | 0 |
_92802 _aCorresponsals estrangers _zRússia (Federació) |
|
| 942 |
_2udc _cMON |
||